01580njm a2200313Ia 450000100060000000300090000600500170001500800410003204000130007304000130008604100120009910000190011110000180013010000380014824500250018625000110021126000130022226000610023530000100029630000290030650001820033550504810051751100160099851100190101465000560103370000470108970000490113670000810118520858IT-RoPAU20220918181208.0131025s9999 xx 000 0 und d aIT-RoPAU cIT-RoPAU aINGLESE aMacDermot Galt eAutore musica gCodice autore musica SPICS: 10994 aHair (2 Lp Bl 03274) a1a ed. aNEW YORK bRCA RECORDSc1980 [1a Ed.:1980 - Ed. Lingua Orig.: 1980] aDISCO c91 minuti (Testo: pag.) aColonna sonora del film omonimo. Testi italiani delle canzoni. E’ disponibile anche lo spartito con la musica e i testi di tutte le canzoni. Codice Spics dello spartito 21322. aAquarius - I'm Blak Ain't Got No - Sodomy - L.B.J. (Initials) - Donna Hashish - Hare Krishna - Colored Spade - White Boys - Manchester - Good Morning Starshine - 3-5-0-0 - What a Piece of Work Is Man - Hair - Somebody To Love - Where Do I Go? - Don't Put It Down - Black Boys - Air - The Flesh Failures Let the Sunshine In - Walking in Space - Easy To Be Hard - Electric Blues Old Fashioned Melody - Abie Baby Fourscore - Party Music - My Conviction - I Got Life - Frank Mills aPierson Tom aMacDermot Galt aCOLONNA SONORA [DISCHI]eCodice MATERIA SPICS: 9950 aMacDermot GaltgCodice Autore SPICS: 10994 aRado JimeAutoregCodice autore SPICS: 24212 aRagni GeromeeAutore testo e musicagCodice autore testo/musica SPICS: 24213